UK landowners warned over major advertising ruling (Record no. 75433)

MARC details
000 -LEADER
fixed length control field 01471cab a2200205 4500
001 - CONTROL NUMBER
control field L130067
008 - FIXED-LENGTH DATA ELEMENTS--GENERAL INFORMATION
fixed length control field 050620n2005 000 0 eng u
035 ## - SYSTEM CONTROL NUMBER
System control number (Sirsi) u130067
041 ## - LANGUAGE CODE
Language code of text/sound track or separate title eng
100 ## - MAIN ENTRY--PERSONAL NAME
Personal name Walton, Alistair
245 ## - TITLE STATEMENT
Title UK landowners warned over major advertising ruling
260 ## - PUBLICATION, DISTRIBUTION, ETC.
Date of publication, distribution, etc. 2005
490 ## - SERIES STATEMENT
Series statement Estate Agent
Volume/sequential designation June 2005, 20(1)
520 ## - SUMMARY, ETC.
Summary, etc. Examines the important High Court ruling in "Clear Channel UK Limited v Manchester City Council" ([2004] EWHC 2873, L130072) relating to the law affecting leases for erecting advertising hoardings. Outdoor advertising company (C) erected hoardings and began paying rent on land owned by the council (B) despite both agreements involved being unsigned. C claimed that the agreements constituted leases but B believed that it only granted licences and could reclaim its land. HC ruled that one of the agreements was a lease, granting C a protected tenancy and full tenant's rights. Advises landlords to work out watertight agreements with advertising firms as landlords cannot guarantee that an agreement is a licence just because they think it is. The safest way to deal with this problem is to create a lease contracted out of the Landlord and Tenant Act 1954, which removes the occupier's security of tenure.
590 ## - LOCAL NOTE (RLIN)
Local note IKA210605
650 ## - SUBJECT ADDED ENTRY--TOPICAL TERM
Topical term or geographic name entry element CLEAR CHANNEL UK LTD V MANCHESTER CITY COUNCIL
650 ## - SUBJECT ADDED ENTRY--TOPICAL TERM
Topical term or geographic name entry element LANDLORD AND TENANT ACT 1954
690 ## - LOCAL SUBJECT ADDED ENTRY--TOPICAL TERM (OCLC, RLIN)
Topical term or geographic name as entry element PROPERTY-COMMERCIAL PROPERTY
942 ## - ADDED ENTRY ELEMENTS (KOHA)
Suppress in OPAC 0
Holdings
Withdrawn status Lost status Source of classification or shelving scheme Damaged status Not for loan Home library Current library Shelving location Date acquired Total Checkouts Full call number Barcode Date last seen Copy number Price effective from Koha item type
    Dewey Decimal Classification     London London Journal article 20/06/2005   L130067 130067-1001 06/08/2019 1 06/08/2019 Journal article